000 00450cam a22001097a 4500
008 180718b1977 xxu||||| |||| 00| 0 eng d
082 _aR112x5451 An24
245 _aFifth five years plan: a study of the characteristics of the unemployes post- graduates in Andhra Pradesh
_cby Department of Finance and Planning
260 _aHyderabad
_bGovernment of Andhra Pradesh
_c1977
300 _a49p
700 _aAndhra Pradesh. Department of Finance and Planning
999 _c495726
_d495726